000 00707nam a2200241 a 4500
005 20210219153210.0
008 991125n 000 0 u
035 _aUPN01000083767
100 _aWiles, Clyde A.
222 _aSCHOOL SCIENCE AND MATHEMATICS
245 _aInvestigating gender bias in the evaluations of middle school teachers of mathematics
300 _a295-298
362 _a92, No. 6, 1992
505 _aAbril 1993
653 0 _aDESARROLLO DEL MAESTRO
653 0 _aEVALUACION DEL ESTUDIANTE
653 0 _aGRADUACION
653 0 _aMAESTROS DE MATEMATICA
653 0 _aRESOLUCION DE PROBLEMAS
653 0 _aTENDENCIAS SEXUALES
904 _aAC
_b021578
905 _aArticulo
999 _c70885
_d70885